| 000 | 00646nam a22002177a 4500 | ||
|---|---|---|---|
| 003 | OSt | ||
| 008 | 260625b |||||||| |||| 00| 0 eng d | ||
| 020 | _a9789331324498 | ||
| 082 |
_a677 _bM21T |
||
| 100 | _aMahapatra, Dr. N.N. | ||
| 245 |
_aTextile Technology _cMahapatra, Dr. N.N. |
||
| 260 |
_aNew Delhi _bAPH Publishing Corporation _c2023 |
||
| 300 | _a xvii+254p., Illustrations; 22cm. | ||
| 365 | _e1495.00 | ||
| 650 | _aTextile industry. | ||
| 650 | _aTextile engineering. | ||
| 650 | _aTextile fabrics $x Manufacture. | ||
| 650 | _aTextile industry $x Technological innovations | ||
| 650 | _aTextile chemistry. | ||
| 942 |
_2ddc _cBK |
||
| 999 |
_c52301 _d52301 |
||